| 000 | 01031nam a2200265 a 4500 | ||
|---|---|---|---|
| 001 | 000144157 | ||
| 003 | AM-YEHGA | ||
| 005 | 20250617122950.0 | ||
| 008 | 980831s1989 tk ||||gr|||||||||0|rus|d | ||
| 020 | _a5833802849 | ||
| 040 | _aAM-YeHGA | ||
| 041 | 0 | _arus | |
| 100 | 1 | _aНазаров, Ходжамурад | |
| 245 | 1 | 0 |
_aПалеомагнетизм мезозоя и кайнозоя Туркмении / _cХ. Назаров, М. Мамедов ; Под ред. А.Н. Храмова ; АН ТССР, Ин-т геологии. |
| 260 |
_aАшхабад : _bЫлым, _c1989. |
||
| 300 |
_a175 с. ; _c20 см. |
||
| 504 | _aБиблиогр.: с. 161-174 | ||
| 650 | 1 | 4 |
_aПалеомагнетизм _xКайнозой _zТССР |
| 650 | 1 | 4 |
_aПалеомагнетизм _xМезозой _zТССР |
| 700 | 1 | _aМамедов, Мухаммедкули | |
| 700 | 1 |
_aХрамов, А.Н. _eред. _4edt |
|
| 710 | 2 | _aИнститут геологии АН ТССР | |
| 942 |
_2udc _cBK |
||
| 090 | _c49375 | ||
| 999 |
_c48615 _d48615 |
||